000 00469nam a2200169Ia 4500
008 241217s9999||||xx |||||||||||||| ||und||
020 _c531.8
040 _beng
_cSSK Library
_erda
082 _a621.30151/KRA
100 _a Arthur D. Kramer
245 0 _aInteractive Math For Electricity And Electronics
250 _a3rd ed
260 _b Thomson Delmar Learning
_c©2006
942 _2Dewey Decimal Classification
_cBOOK
_nNo
999 _c19601
_d19601
003 OSt
005 20241217112728.0